Welcome to the Holygrace Academy Library

Please use search bar below to get started

MY LITTLE BOOK ABOUT THE MOPPET (Record no. 7569)

MARC details
000 -LEADER
fixed length control field 00256nam a22001097a 4500
082 ## - DEWEY DECIMAL CLASSIFICATION NUMBER
Classification number 823
Item number POT/M
100 ## - MAIN ENTRY--AUTHOR NAME
Personal name POTTER, BEATRIX
245 ## - TITLE STATEMENT
Title MY LITTLE BOOK ABOUT THE MOPPET
260 ## - PUBLICATION, DISTRIBUTION, ETC. (IMPRINT)
Name of publisher NEW SEASONS PUBLICATIONS
Year of publication 1991
650 ## - SUBJECT ADDED ENTRY--TOPICAL TERM
Topical Term ENGLISH STORY
942 ## - ADDED ENTRY ELEMENTS (KOHA)
Koha item type Books
Holdings
Withdrawn status Lost status Collection code Home library Current library Date acquired Source of acquisition Full call number Accession Number Koha item type
Withdrawn Damaged Item Fiction Main Library Main Library 18/05/2005 purchase 823 POT/M 00729 Books